000 00289nam a2200133Ia 4500
008 221030s9999 xx 000 0 und d
041 _aEnglish
082 _a105.23
100 _aM. Mitchell
245 0 _aGone with the Wind
_cby M. Mitchell
260 _c0
650 _aB
942 _cBK
999 _c12575
_d12575